Southville International School and Colleges
Your cart is empty.
  • Cart
  • Lists
    Public lists Eva Luna New books Lux_list list_1
    Your lists Log in to create your own lists
  • Log in to your account
  • Your cookies
  • Search history
Southville International School and Colleges
  • Advanced search
  • Recent comments
  • Most popular
  • Libraries

Log in to your account

Log in with GOOGLE


If you do not have an external account, but do have a local account, you can still log in:

  1. Home
  2. MARC view: Reading homonyms / :
Normal view MARC view ISBD view

Reading homonyms / : (Record no. 102017)

[ view plain ]
MARC details
000 -LEADER
fixed length control field 00533nam a2200193 a 4500
005 - DATE AND TIME OF LATEST TRANSACTION
control field 20140412111225.0
008 - FIXED-LENGTH DATA ELEMENTS--GENERAL INFORMATION
fixed length control field 020410s19uu xx 00 eng d
020 ## - INTERNATIONAL STANDARD BOOK NUMBER
International Standard Book Number 0-87966-691-9
050 ## - LIBRARY OF CONGRESS CALL NUMBER
Classification number TR(GS 428.4
Item number B57 1981
100 ## - MAIN ENTRY--PERSONAL NAME
Personal name Boning, Richard A.
245 ## - TITLE STATEMENT
Title Reading homonyms / :
Statement of responsibility, etc Richard A. Boning.
Remainder of title B1 through B2 /
260 ## - PUBLICATION, DISTRIBUTION, ETC. (IMPRINT)
Place of publication, distribution, etc New York :
Name of publisher, distributor, etc Barnell Loft, Ltd,
Date of publication, distribution, etc 1981.
300 ## - PHYSICAL DESCRIPTION
Extent 1 v. (unp.)
440 ## - SERIES STATEMENT/ADDED ENTRY--TITLE
Title Supportive Reading Skills
650 ## - SUBJECT ADDED ENTRY--TOPICAL TERM
Topical term or geographic name as entry element Homonyms
650 ## - SUBJECT ADDED ENTRY--TOPICAL TERM
Topical term or geographic name as entry element Reading
Holdings
Withdrawn status Lost status Damaged status Home library Current library Shelving location Date acquired Source of acquisition Total Checkouts Full call number Barcode Date last seen Price effective from Koha item type
      Elizalde Library Elizalde Library Teachers Reference Section 04/10/2002     TR(GS 428.4 B57 1981 E0294 04/12/2014 04/12/2014 Books
      Elizalde Library Elizalde Library Teachers Reference Section 06/04/2002     TR(GS 428.4 B57 1981 E3073 04/12/2014 04/12/2014 Books

Reading homonyms / :

APA

Boning R. A., . (1981). Reading homonyms. New York: Barnell Loft, Ltd.

Chicago

Boning Richard A, . 1981. Reading homonyms. New York: Barnell Loft, Ltd.

Harvard

Boning R. A., . (1981). Reading homonyms. New York: Barnell Loft, Ltd.

MLA

Boning Richard A, . Reading homonyms. New York: Barnell Loft, Ltd. 1981.

  • Place hold
  • Print
  • Cite
  • Add to your cart (remove)
  • Save record
    BIBTEX Dublin Core MARCXML MARC (non-Unicode/MARC-8) MARC (Unicode/UTF-8) MARC (Unicode/UTF-8, Standard) MODS (XML) RIS
  • More searches
    Search for this title in:
    Other Libraries (WorldCat) Other Databases (Google Scholar) Online Stores (Bookfinder.com) Open Library (openlibrary.org)

Exporting to Dublin Core...

SOUTHVILLE LIBRARY

Southville International School and Colleges Library

1281 Tropical Ave. Cor. Luxembourg St., BF Homes International, Las Pinas City

Tel. No. 8256374 / 252358 Loc. 117/146

Powered by Koha